Loading...
| Literature - World/Other | 0 | 4 | 0 | 0 | 40 | 73 | 92.50 | 1 | 2 | 13.28 | 30.00 |
| Literature - European | 0 | 4 | 1 | 1 | 35 | 95 | 112.75 | 0 | 1 | 5.83 | 17.75 |
| Literature - British | 0 | 2 | 1 | 0 | 15 | 52 | 53.00 | 2 | 2 | 12.02 | 19.00 |
| Fine Arts - Visual | 0 | 2 | 1 | 0 | 15 | 114 | 128.50 | 0 | 0 | 2.68 | 9.00 |
| Fine Arts - Other | 0 | 2 | 1 | 1 | 15 | 81 | 106.50 | 0 | 1 | 3.49 | 11.00 |
| History - World | 0 | 1 | 0 | 1 | 10 | 134 | 134.00 | 0 | 0 | -0.08 | 1.00 |
| Social Science | 0 | 1 | 0 | 1 | 10 | 108 | 108.00 | 0 | 0 | 0.92 | 3.00 |
| Philosophy | 0 | 1 | 0 | 0 | 10 | 111 | 111.00 | 0 | 0 | 0.90 | 4.00 |
| Literature - American | 0 | 1 | 1 | 0 | 5 | 100 | 100.00 | 0 | 1 | 2.75 | 8.00 |
| Fine Arts - Classical Music | 0 | 1 | 1 | 0 | 5 | 102 | 102.00 | 0 | 0 | 2.21 | 7.00 |
| History - Other | 0 | 0 | 1 | 0 | -5 | 0.00 | 0 | 0 | 0.00 | 0.00 | |
| Religion | 0 | 0 | 1 | 0 | -5 | 0.00 | 0 | 0 | 0.00 | 0.00 | |
| Geography/Current Events | 0 | 0 | 1 | 0 | -5 | 0.00 | 0 | 0 | 0.00 | 0.00 |